<?xml version="1.0" encoding="UTF-8"?>
<record
    xmlns:xsi="http://www.w3.org/2001/XMLSchema-instance"
    xsi:schemaLocation="http://www.loc.gov/MARC21/slim http://www.loc.gov/standards/marcxml/schema/MARC21slim.xsd"
    xmlns="http://www.loc.gov/MARC21/slim">

  <leader>00616nam a2200205Ia 4500</leader>
  <controlfield tag="001">14925</controlfield>
  <controlfield tag="003">GE_BSU</controlfield>
  <controlfield tag="008">181216s||||||||xx |||||||||||||| ||und||</controlfield>
  <datafield tag="040" ind1=" " ind2=" ">
    <subfield code="c">GE_BSU</subfield>
  </datafield>
  <datafield tag="080" ind1=" " ind2=" ">
    <subfield code="a">530.1</subfield>
  </datafield>
  <datafield tag="100" ind1=" " ind2=" ">
    <subfield code="a">&#x431;&#x43E;&#x43C;, &#x414;&#x435;&#x432;&#x438;&#x434;</subfield>
  </datafield>
  <datafield tag="245" ind1=" " ind2=" ">
    <subfield code="a">&#x421;&#x43F;&#x435;&#x446;&#x438;&#x430;&#x43B;&#x44C;&#x43D;&#x430;&#x44F; &#x442;&#x435;&#x43E;&#x440;&#x438;&#x44F; &#x43E;&#x442;&#x43D;&#x43E;&#x441;&#x438;&#x442;&#x435;&#x43B;&#x44C;&#x43D;&#x43E;&#x441;&#x442;&#x438;</subfield>
  </datafield>
  <datafield tag="245" ind1=" " ind2=" ">
    <subfield code="c">&#x41F;&#x435;&#x440;. &#x441; &#x430;&#x43D;&#x433;&#x43B;. &#x41D;.&#x412;. &#x41C;&#x438;&#x446;&#x43A;&#x435;&#x432;&#x438;&#x447;&#x430;. &#x41F;&#x43E;&#x434; &#x440;&#x435;&#x434;.&#x410;.&#x417;.&#x41F;&#x435;&#x442;&#x440;&#x43E;&#x432;&#x430;</subfield>
  </datafield>
  <datafield tag="260" ind1=" " ind2=" ">
    <subfield code="a">&#x41C;&#x43E;&#x441;&#x43A;&#x432;&#x430;</subfield>
  </datafield>
  <datafield tag="260" ind1=" " ind2=" ">
    <subfield code="b">&#x41C;&#x438;&#x440;</subfield>
  </datafield>
  <datafield tag="260" ind1=" " ind2=" ">
    <subfield code="c">1967</subfield>
  </datafield>
  <datafield tag="300" ind1=" " ind2=" ">
    <subfield code="a">288&#x441;&#x442;&#x440;.20&#x441;&#x43C;.</subfield>
  </datafield>
  <datafield tag="653" ind1=" " ind2=" ">
    <subfield code="a">&#x421;&#x43F;&#x435;&#x446;&#x438;&#x430;&#x43B;&#x44C;&#x43D;&#x430;&#x44F; &#x442;&#x435;&#x43E;&#x440;&#x438;&#x44F; &#x43E;&#x442;&#x43D;&#x43E;&#x441;&#x438;&#x442;&#x435;&#x43B;&#x44C;&#x43D;&#x43E;&#x441;&#x442;&#x438;</subfield>
  </datafield>
  <datafield tag="942" ind1=" " ind2=" ">
    <subfield code="c">BK</subfield>
  </datafield>
  <datafield tag="999" ind1=" " ind2=" ">
    <subfield code="c">48045</subfield>
    <subfield code="d">48045</subfield>
  </datafield>
  <datafield tag="952" ind1=" " ind2=" ">
    <subfield code="0">0</subfield>
    <subfield code="1">0</subfield>
    <subfield code="4">0</subfield>
    <subfield code="7">0</subfield>
    <subfield code="9">62878</subfield>
    <subfield code="d">2018-12-17</subfield>
    <subfield code="p">18172</subfield>
    <subfield code="r">2018-12-17</subfield>
    <subfield code="w">2018-12-17</subfield>
    <subfield code="y">BK</subfield>
  </datafield>
</record>
